000 01407njm a22003257a 4500
005 20100920123347.0
007 sd ammalaaahaa
008 100904t xxu||||| |||| 00| 0 hin d
028 _a2618-7076A
_bINNFO
028 _a2618-7076B
_bINNFO
035 _aGR-03615
040 _aSED/VEN
100 _aMangeshkar, Lata
_91184
245 _aMangal Sutra (Part-1)
_bHindi Film /
_cby Lata Mangeshkar; Music by R.D. Burman; Lyric by Pradeep
_h[Sound Recording] :
246 _aमंगलसूत्र (लता मंगेशकर)
250 _aP-1980
260 _aDum Dum, India :
_bINNFO
300 _a1 sound disc [Gramophone Recording] :
_banalog, 33 1/3 rpm ;
_c12 in. [LP]
_fGramophone Records
500 _aBrief Records
500 _aRecord Lables: INNFO, Red
505 _aगीत साइड-1; जागो महादेव (मंगलसूत्र) (लता मंगेशकर), गीत साइड-2; जवानी शरारत करे (आशा भोसले और बाल सुब्रमनयम) भाग-2
600 _aMangeshkar, Lata
_920735
650 _aClassical Music
_xExcerpts
_zIndia
_918309
700 _918319
_aBhosle, Asha
700 _918320
_aBala Subramanyam
700 _919413
700 _919439
942 _2ddc
_cGR
999 _c46985
_d46985